| 000 | 00731nam a2200253Ia 4500 | ||
|---|---|---|---|
| 005 | 20250117103422.0 | ||
| 008 | 008 250103s9999 xx 000 0 eng d | ||
| 020 | _a9789812703712 | ||
| 037 | _aTextual | ||
| 040 |
_aCSL _beng _cCSL |
||
| 041 |
_aeng _2eng |
||
| 084 |
_aB281 P6;1 _qCSL |
||
| 100 | _aRosenthal, Jeffrey S | ||
| 245 | 0 |
_aFirst look at rigorous probability theory _cRosenthal, Jeffrey S |
|
| 250 | _a2nd | ||
| 260 |
_aSingpore _b World Scientific _c2006 |
||
| 300 | _axvi, 219p. ill. | ||
| 650 |
_a Expected values _9732932 |
||
| 650 |
_a Martingales _9732933 |
||
| 650 |
_a Weak convergence _9732934 |
||
| 650 | _aStatistics | ||
| 942 |
_cTEXL _hB281 P6;1 |
||
| 999 |
_c1237319 _d1237319 |
||